Souvenir musical: volumen 1 (Registro nro. 8837)
[ vista simple ]
| 000 -LEADER | |
|---|---|
| fixed length control field | 00794njm a22001937a 4500 |
| 005 - DATE AND TIME OF LATEST TRANSACTION | |
| control field | 20220720141746.0 |
| 008 - FIXED-LENGTH DATA ELEMENTS--GENERAL INFORMATION | |
| fixed length control field | 170215b xxu||||| |||| 00| 0 spa d |
| 041 ## - LANGUAGE CODE | |
| Language code of text/sound track or separate title | spa |
| 245 ## - TITLE STATEMENT | |
| Title | Souvenir musical: volumen 1 |
| 260 ## - PUBLICATION, DISTRIBUTION, ETC. (IMPRINT) | |
| Place of publication | Costa Rica |
| 260 ## - PUBLICATION, DISTRIBUTION, ETC. (IMPRINT) | |
| Name of publisher | Mar Music Records |
| 260 ## - PUBLICATION, DISTRIBUTION, ETC. (IMPRINT) | |
| Year of publication | 2007 |
| 300 ## - PHYSICAL DESCRIPTION | |
| Number of Pages | 1 CD-ROM |
| 300 ## - PHYSICAL DESCRIPTION | |
| Number of Pages | 72 minutos |
| 505 ## - FORMATTED CONTENTS NOTE | |
| Formatted contents note | 1. Ticas lindas.<br/>2. Caña dulce.<br/>3. En la distancia - donde tu estas.<br/>4. Amor de temporada.<br/>5. Patriótica costarricense.<br/>6. Solo quiero mirarte - haz volver.<br/>7. Mi linda Costa Rica.<br/>8. Eso es imposible - saben de donde vengo yo?<br/>9. Punto Guanacasteco.<br/>10. La guaria morada.<br/>11. Costa Rica.<br/>12. Rec. mi puerto - noche inolvidable. |
| 650 ## - SUBJECT ADDED ENTRY--TOPICAL TERM | |
| Topical Term | MÚSICA COSTARRICENSE |
| 650 ## - SUBJECT ADDED ENTRY--TOPICAL TERM | |
| Topical Term | MÚSICA TÍPICA |
| 942 ## - ADDED ENTRY ELEMENTS (KOHA) | |
| Koha item type | Música |
| Withdrawn status | Lost status | Damaged status | Not for loan | Home library | Current library | Date acquired | Total Checkouts | Full call number | Accession Number | Date last seen | Koha item type |
|---|---|---|---|---|---|---|---|---|---|---|---|
| Departamento de Biblioteca y Documentación Alfonso Chase Brenes | Departamento de Biblioteca y Documentación Alfonso Chase Brenes | 15/02/2017 | 4 DC | 4DC | 15/02/2017 | Música |